000 00648nam a2200241 a 4500
001 0001-0963
003 ELIB.Books
008 140915 2010 eng
020 _a1566991153
035 _a(ELIB.Books)0001-1117
092 _a261
_bBan
100 _aBanks, Robert J.
245 _aFaith Goes To Works
_bReflecions from the Marketplace
260 _aNew York
_bAn Alban Institute Publication
_c1993
300 _a189
_c22.8 Cm
500 _aDr. Yahalaylayla
650 _aSocial Theology
856 _nKBTS; Library
_uKBTS; Elib.
942 _2ddc
_cBK
990 _a1
998 _cbat
_e2014-09-15
999 _c10963
_d10963